| 000 | 00344nam a2200133Ia 4500 | ||
|---|---|---|---|
| 008 | 221117s9999 xx 000 0 und d | ||
| 082 | _bKUM | ||
| 100 | _aKUMAR, RANJIT | ||
| 245 | 0 | _aRESEARCH METHODOLOGY | |
| 260 |
_bPEARSON INDIA EDUCATION SERVIVE PVT. LTD., NOIDA _c2013 |
||
| 300 | _a332 | ||
| 650 | _aResearch Methodology | ||
| 942 | _cBK | ||
| 999 |
_c214372 _d214372 |
||